00718nam a2200241 a 4500001001300000003000900013005001700022008004100039020002300080082001300103100002100116245004600137260004000183300000900223500003500232505002400267650001800291700002100309902000800330942000700338952011400345999001700459nice12345678IN_TiNIC20260116014124.0110429s2010 newa grp 000 0 eng  a9788125041870c89500a900bRAO aRao, K V Krishna aInvincibilityb Challrnges and Leadership aNew Delhi bOrient Blackswan c2010 a438p aincludes index and biblioraphy2 amaps, biblio, index aHistory-World1 aRao, K V Krishna bSRS cBK 001040708StackRoom-aHMIbHMId2011-04-29g895.00l0o900 RAOp023598r2011-04-29v895.00w2011-04-29yBK c13972d13972